000 01148cab a2200337 4500
001 ABS59179
008 090401t1998 xxu||||| |||| 00| 0 eng d
035 _a(Sirsi) u88323
041 _aeng
100 _aSmith, B.
245 _aUK to benefit from the National Land Information Service
260 _c1998
350 _a0
490 _aProperty Systems Review
_v(6) Summer 1998, 22-23(2)
520 _aDiscusses the benefits that a National Land Information Service (NLIS) could produce for both the nation and individuals. Comments on the current status of the service and the next stages planned for its development.
650 _aBS 7666
650 _aCONVEYANCING
650 _aDEVELOPMENT POLICY
650 _aHM LAND REGISTRY
650 _aINFRASTRUCTURE PLANNING
650 _aLOCAL GOVERNMENT MANAGEMENT BOARD
650 _aNATIONAL LAND INFORMATION SERVICE
650 _aORDNANCE SURVEY
650 _aRICS
650 _aRISK ASSESSMENT
650 _aSITE IDENTIFICATION
650 _aVALUATION OFFICE
690 _aMANAGEMENT-BUSINESS MANAGEMENT-INFORMATION MANAGEMENT
942 _n0
948 _c07/09/1998
999 _c55786
_d55786